[Event "XXI Festival A"]
[Site "Porto San Giorgio ITA"]
[Date "2009.08.21"]
[Round "1"]
[White "Pierantozzi, Stanislao"]
[Black "Calzetta Ruiz, Monica"]
[Result "0-1"]
[WhiteElo "1967"]
[BlackElo "2344"]
[PlyCount "94"]
[EventDate "2009.08.21"]

1. d4 Nf6 2. c4 c5 3. d5 b5 4. cxb5 a6 5. bxa6 Bxa6 6. Nc3 g6 7. e4 Bxf1 8.
Kxf1 d6 9. g3 Bg7 10. Kg2 O-O 11. h3 Nbd7 12. Nf3 Ra6 13. Re1 Qa8 14. Qc2 e6
15. Bd2 exd5 16. exd5 Nxd5 17. a3 Ne5 18. Qe4 Nxf3 19. Qxf3 Nxc3 20. Bxc3 Bxc3
21. bxc3 Qxf3+ 22. Kxf3 Rfa8 23. Re3 Rxa3 24. Rxa3 Rxa3 25. Ke4 Ra2 26. f4 Rd2
27. Rd3 f5+ 28. Ke3 Rxd3+ 29. Kxd3 d5 30. Kc2 Kf7 31. Kb3 Ke6 32. Ka4 d4 33. c4
Kd6 34. Ka3 Kc6 35. Kb3 Kb6 36. Ka4 Ka6 37. Ka3 Ka5 38. Kb3 h5 39. h4 d3 40.
Kc3 d2 41. Kxd2 Kb4 42. Kc1 Kxc4 43. Kc2 Kd4 44. Kd2 Ke4 45. Kc3 Kf3 46. Kc4
Kxg3 47. Kxc5 Kxf4 0-1

[Event "XXI Festival A"]
[Site "Porto San Giorgio ITA"]
[Date "2009.08.21"]
[Round "1"]
[White "Roeder, Matthias"]
[Black "Agrifoglio, Fabio"]
[Result "1-0"]
[WhiteElo "2438"]
[BlackElo "2012"]
[PlyCount "92"]
[EventDate "2009.08.21"]

1. Nf3 g6 2. c4 Bg7 3. d4 d6 4. Nc3 Nf6 5. e4 O-O 6. h3 e5 7. d5 c5 8. Bg5 Nbd7
9. g4 Qa5 10. Nd2 a6 11. a4 Re8 12. Be2 h6 13. Be3 Nf8 14. h4 N6h7 15. Ra2 Qd8
16. a5 Bd7 17. h5 g5 18. Qb1 Nf6 19. f3 Qc8 20. Rg1 Re7 21. b4 Ne8 22. bxc5
dxc5 23. Qb6 Bb5 24. Qxc5 Rc7 25. Qb4 Nd7 26. Rc2 Bf8 27. Qb2 Bc5 28. Bxc5 Nxc5
29. Kf2 Nd6 30. cxb5 Na4 31. Nxa4 Rxc2 32. Qb4 axb5 33. Nb6 Qf8 34. Nxa8 Nxe4+
35. Qxe4 Rxd2 36. Qe3 Rxd5 37. Nb6 Rd6 38. Rc1 Rd8 39. Qxe5 Qa3 40. Qc3 Qd6 41.
Kg2 b4 42. Qe3 b3 43. Rd1 Qf6 44. Nd5 Rxd5 45. Rxd5 b2 46. Rb5 Qd8 1-0

[Event "XXI Festival A"]
[Site "Porto San Giorgio ITA"]
[Date "2009.08.21"]
[Round "1"]
[White "Tomasini, Giovanni"]
[Black "Sanikidze, Tornike"]
[Result "0-1"]
[WhiteElo "2054"]
[BlackElo "2559"]
[PlyCount "70"]
[EventDate "2009.08.21"]

1. e4 c5 2. Nf3 d6 3. d4 cxd4 4. Nxd4 Nf6 5. Nc3 Nc6 6. Be2 g6 7. Be3 Bg7 8.
O-O O-O 9. Qd2 Ng4 10. Bxg4 Bxg4 11. h3 Bd7 12. Rad1 Rc8 13. Nce2 a6 14. b3 b5
15. c3 Qc7 16. Rc1 Qb7 17. f3 Rfd8 18. Bg5 Be8 19. Nxc6 Bxc6 20. Qe3 Rc7 21.
Rfd1 Rdc8 22. Bf4 f6 23. Bh6 Bxh6 24. Qxh6 Be8 25. Qe3 Bf7 26. Nf4 Kg7 27. g4
Rc5 28. h4 e5 29. Ne2 d5 30. g5 Qe7 31. Ng3 d4 32. cxd4 exd4 33. Qf4 R8c6 34.
gxf6+ Rxf6 35. Nf5+ gxf5 0-1

[Event "XXI Festival A"]
[Site "Porto San Giorgio ITA"]
[Date "2009.08.21"]
[Round "1"]
[White "Trent, Lawrence"]
[Black "Rebeggiani, Luca"]
[Result "1-0"]
[WhiteElo "2471"]
[BlackElo "2019"]
[PlyCount "44"]
[EventDate "2009.08.21"]

1. e4 c5 2. Nc3 Nc6 3. Nf3 g6 4. Bb5 Bg7 5. O-O e6 6. Bxc6 dxc6 7. e5 Ne7 8.
Ne4 O-O 9. d3 b6 10. Bd2 Kh8 11. Qc1 Ng8 12. Bg5 f6 13. exf6 Nxf6 14. Re1 a5
15. Ne5 Qc7 16. Nxf6 Bxf6 17. Qf4 Qg7 18. Bh6 Qe7 19. Bxf8 Qxf8 20. Re3 Qg7 21.
Rae1 Bb7 22. Ng4 Qe7 1-0

[Event "XXI Festival A"]
[Site "Porto San Giorgio ITA"]
[Date "2009.08.22"]
[Round "2"]
[White "Borgiani, Flavio"]
[Black "Nemeth, Miklos"]
[Result "0-1"]
[WhiteElo "2185"]
[BlackElo "2486"]
[PlyCount "90"]
[EventDate "2009.08.21"]

1. e4 e5 2. Nc3 Nc6 3. g3 Bc5 4. Bg2 a6 5. d3 d6 6. Be3 Nf6 7. Bxc5 dxc5 8. Qd2
Be6 9. f4 Qd6 10. Nf3 O-O-O 11. O-O-O Bg4 12. fxe5 Nxe5 13. Nxe5 Qxe5 14. Rdf1
c4 15. Qf4 Qxf4+ 16. Rxf4 cxd3 17. cxd3 Rhe8 18. Bf3 Be6 19. Be2 b5 20. Kb1 Kb8
21. b4 Ng8 22. Rc1 Ne7 23. a3 Ng6 24. Rff1 Ne5 25. Kc2 Rd6 26. a4 Nc6 27. Rb1
Red8 28. Kc1 Nd4 29. Bd1 c6 30. e5 R6d7 31. Ne4 Re7 32. Nc5 Bc8 33. Ra1 a5 34.
axb5 axb4 35. Na6+ Bxa6 36. bxa6 Ka7 37. Ra4 c5 38. Rf4 Rd5 39. Rg4 g6 40. Rh4
h5 41. g4 hxg4 42. Bxg4 Rdxe5 43. Kd2 Rg5 44. Bd1 Rg2+ 45. Kc1 Re1 0-1

[Event "XXI Festival A"]
[Site "Porto San Giorgio ITA"]
[Date "2009.08.22"]
[Round "2"]
[White "Boscolo, Marco"]
[Black "Trent, Lawrence"]
[Result "0-1"]
[WhiteElo "2136"]
[BlackElo "2471"]
[PlyCount "98"]
[EventDate "2009.08.21"]

1. d4 Nf6 2. c4 g6 3. Nf3 Bg7 4. g3 O-O 5. Bg2 d6 6. O-O Nbd7 7. Nc3 e5 8. e4
a6 9. Re1 exd4 10. Nxd4 Ng4 11. Rf1 Rb8 12. h3 Nge5 13. b3 c5 14. Nde2 b5 15.
cxb5 axb5 16. Rb1 b4 17. Nd5 Ra8 18. f4 Nc6 19. f5 Re8 20. f6 Bf8 21. Ra1 Ba6
22. Be3 Nd4 23. Nxd4 cxd4 24. Qxd4 Bxf1 25. Rxf1 Rxa2 26. Nxb4 Ra8 27. Nd5 Ne5
28. Qd2 Qa5 29. b4 Qa2 30. Qxa2 Rxa2 31. b5 Nd7 32. b6 Rb2 33. Bd4 Rd2 34. Bc3
Rc2 35. Bd4 Rd2 36. Bc3 Rc2 37. Bd4 Bh6 38. Ra1 Rc1+ 39. Rxc1 Bxc1 40. Ne7+ Kf8
41. Bf1 Rb8 42. Nd5 Ba3 43. Bb5 Bc5 44. Bxc5 Nxc5 45. Bc6 Nxe4 46. Nc7 Nc5 47.
Nd5 Na6 48. Kf2 Nb4 49. Nxb4 Rxb6 0-1

[Event "XXI Festival A"]
[Site "Porto San Giorgio ITA"]
[Date "2009.08.22"]
[Round "2"]
[White "Bozzali, Ermanno"]
[Black "Aleksic, Nenad"]
[Result "0-1"]
[WhiteElo "2080"]
[BlackElo "2367"]
[PlyCount "92"]
[EventDate "2009.08.21"]

1. e4 c5 2. Nf3 d6 3. d4 cxd4 4. Nxd4 Nf6 5. Nc3 a6 6. Be3 Nbd7 7. f3 e6 8. g4
h6 9. Qd2 b5 10. O-O-O Bb7 11. Bd3 Nc5 12. h4 Nxd3+ 13. cxd3 g6 14. g5 hxg5 15.
hxg5 Rxh1 16. Rxh1 Nh5 17. f4 Qd7 18. Kb1 Bg7 19. Rc1 Rc8 20. Nce2 Rxc1+ 21.
Qxc1 Kf8 22. Nb3 Kg8 23. Na5 e5 24. Nxb7 Qxb7 25. Qh1 exf4 26. Nxf4 Nxf4 27.
Bxf4 Qd7 28. Qd1 d5 29. exd5 Qxd5 30. Qc2 Qe6 31. Bc1 Bd4 32. Qg2 Kg7 33. Qe4
Qxe4 34. dxe4 f5 35. gxf6+ Kxf6 36. Kc2 g5 37. b3 g4 38. Kd3 Ke5 39. Bh6 Bb6
40. Bg7+ Kf4 41. Bh6+ Kf3 42. e5 g3 43. e6 g2 44. e7 g1=Q 45. e8=Q Qd1+ 46. Kc3
b4+ 0-1

[Event "XXI Festival A"]
[Site "Porto San Giorgio ITA"]
[Date "2009.08.22"]
[Round "2"]
[White "Calavalle, Giulio"]
[Black "Gordon, Stephen J."]
[Result "1-0"]
[WhiteElo "2228"]
[BlackElo "2537"]
[PlyCount "73"]
[EventDate "2009.08.21"]

1. e4 c5 2. Nc3 a6 3. Bc4 e6 4. d3 Nc6 5. a4 Nf6 6. Bg5 Be7 7. Nge2 h6 8. Bxf6
Bxf6 9. O-O Nb4 10. Bb3 b6 11. f4 Bb7 12. e5 Be7 13. Ne4 Qc7 14. c3 Nd5 15.
Bxd5 Bxd5 16. c4 Bc6 17. N2c3 g6 18. Kh1 Qb7 19. Qe2 Rd8 20. Rad1 b5 21. axb5
axb5 22. cxb5 Bxb5 23. Nxb5 Qxb5 24. Qe3 Qxb2 25. Nxc5 Qb6 26. d4 Bxc5 27. dxc5
Qc7 28. Rd6 Rc8 29. Rc1 Qa7 30. Qd4 Rc7 31. Ra1 Qb8 32. Rb6 Qd8 33. Qd6 f5 34.
Rd1 Kf7 35. c6 Re8 36. cxd7 Re7 37. Qxc7 1-0

[Event "XXI Festival A"]
[Site "Porto San Giorgio ITA"]
[Date "2009.08.22"]
[Round "2"]
[White "Calzetta Ruiz, Monica"]
[Black "Fezza, Davide"]
[Result "1/2-1/2"]
[WhiteElo "2344"]
[BlackElo "2082"]
[PlyCount "109"]
[EventDate "2009.08.21"]

1. e4 c5 2. Nc3 a6 3. Nf3 e6 4. d4 cxd4 5. Nxd4 Qc7 6. Bd3 Bc5 7. Nb3 Be7 8.
Qe2 Nc6 9. f4 d6 10. O-O Nf6 11. Kh1 b5 12. Bd2 b4 13. Nd1 d5 14. e5 Nd7 15. c3
g6 16. Rc1 Qb8 17. c4 dxc4 18. Rxc4 Bb7 19. Be4 Nd8 20. Bxb4 Nb6 21. Rd4 Nc6
22. Bxe7 Nxd4 23. Nxd4 Kxe7 24. Nc6+ Bxc6 25. Bxc6 Ra7 26. Qe3 f5 27. exf6+
Kxf6 28. Nc3 h6 29. Re1 Re7 30. Ne4+ Kg7 31. Qd4+ e5 32. fxe5 Rxe5 33. Nc3 Rf8
34. g4 Nc4 35. Ne4 Qb4 36. Rc1 Qxb2 37. Qxc4 Kh7 38. Rd1 Re7 39. g5 Rf5 40.
Nf6+ Rxf6 41. gxf6 Qxf6 42. Rf1 Qg7 43. Qxa6 h5 44. a4 Qb2 45. Be4 Rxe4 46.
Qa7+ Kh6 47. Qa8 Qd4 48. a5 Re2 49. Qf8+ Kg5 50. Rg1+ Kh4 51. Qf3 Qe5 52. Qg3+
Qxg3 53. Rxg3 Ra2 54. Rxg6 Rxa5 55. Rg3 1/2-1/2

[Event "XXI Festival A"]
[Site "Porto San Giorgio ITA"]
[Date "2009.08.22"]
[Round "2"]
[White "Caprio, Guido"]
[Black "Maiorov, Nikita"]
[Result "1-0"]
[WhiteElo "2212"]
[BlackElo "2513"]
[PlyCount "51"]
[EventDate "2009.08.21"]

1. e4 e5 2. f4 exf4 3. Bc4 Ne7 4. Nf3 Ng6 5. d4 Bb4+ 6. Nc3 d6 7. O-O c6 8. Ne2
d5 9. exd5 cxd5 10. Bb5+ Bd7 11. Bxd7+ Qxd7 12. Nxf4 Nxf4 13. Ne5 Qe6 14. Bxf4
O-O 15. Nd3 Nc6 16. c3 Be7 17. Qf3 Qe4 18. Qh3 Rfe8 19. Rae1 Qg6 20. Ne5 Nxe5
21. Rxe5 Bf8 22. Rxd5 Re2 23. Rg5 Qc2 24. Be5 Qd2 25. Qf5 f6 26. Qxf6 1-0

[Event "XXI Festival A"]
[Site "Porto San Giorgio ITA"]
[Date "2009.08.22"]
[Round "2"]
[White "Eperjesi, Laszlo"]
[Black "Kovchan, Alexander"]
[Result "1/2-1/2"]
[WhiteElo "2250"]
[BlackElo "2554"]
[PlyCount "114"]
[EventDate "2009.08.21"]

1. d4 Nf6 2. c4 g6 3. Nc3 d5 4. Nf3 Bg7 5. e3 O-O 6. Bd2 c6 7. Rc1 dxc4 8. Bxc4
Nbd7 9. O-O c5 10. h3 a6 11. a4 e6 12. Qe2 b6 13. Rfd1 Bb7 14. dxc5 Nxc5 15. b4
Nce4 16. Nxe4 Nxe4 17. Be1 Qe7 18. Nd4 Rfd8 19. b5 axb5 20. Bxb5 Bxd4 21. Rxd4
Rxd4 22. exd4 Nf6 23. Bd2 Nd5 24. Qg4 h5 25. Qg3 Qf6 26. Qe5 Qg7 27. Rc4 Qf8
28. Bg5 Kh7 29. Bh4 Ba6 30. Bxa6 Rxa6 31. Bg3 Qe8 32. Qd6 Ra8 33. Be5 Rd8 34.
Qa3 Ra8 35. Qf3 Qe7 36. g4 h4 37. Qe4 f6 38. Bf4 Re8 39. Bd2 Kg7 40. Kg2 g5 41.
Rc6 Qd7 42. Qc2 Ra8 43. Kh2 Ra7 44. Qc4 Rc7 45. Rxc7 Nxc7 46. a5 bxa5 47. Bxa5
Nb5 48. Bc3 Nd6 49. Qd3 Qb7 50. Bd2 Qd5 51. Be3 Nb5 52. Qd2 f5 53. Qb4 Kg6 54.
Qe7 Qd6+ 55. Qxd6 Nxd6 56. f4 Ne4 57. Kg2 fxg4 1/2-1/2

[Event "XXI Festival A"]
[Site "Porto San Giorgio ITA"]
[Date "2009.08.22"]
[Round "2"]
[White "Epishin, Vladimir V."]
[Black "Malloni, Marcello"]
[Result "1-0"]
[WhiteElo "2592"]
[BlackElo "2271"]
[PlyCount "47"]
[EventDate "2009.08.21"]

1. c4 Nf6 2. Nc3 e5 3. Nf3 Nc6 4. e3 Bb4 5. Qc2 O-O 6. Nd5 Re8 7. Bd3 h6 8. O-O
Bf8 9. a3 d6 10. Nxf6+ Qxf6 11. Be4 Ne7 12. d4 Qe6 13. Bd3 Ng6 14. d5 Qf6 15.
Nd2 a5 16. Ne4 Qd8 17. Ng3 Be7 18. Bxg6 fxg6 19. Qxg6 Rf8 20. Nh5 Rf7 21. e4
Bg5 22. f4 exf4 23. Bxf4 Bxf4 24. Rxf4 1-0

[Event "XXI Festival A"]
[Site "Porto San Giorgio ITA"]
[Date "2009.08.22"]
[Round "2"]
[White "Farago, Ivan"]
[Black "Piva, Giorgio"]
[Result "0-1"]
[WhiteElo "2511"]
[BlackElo "2159"]
[PlyCount "154"]
[EventDate "2009.08.21"]

1. d4 d5 2. c4 dxc4 3. Nf3 c6 4. e3 Be6 5. Nbd2 Nf6 6. Be2 g6 7. O-O Bg7 8. Ng5
Bd5 9. Qc2 h6 10. Ngf3 b5 11. a4 O-O 12. e4 Be6 13. h3 a5 14. axb5 cxb5 15. d5
Bd7 16. Ra3 Na6 17. Re3 Nb4 18. Qb1 Nh5 19. Rd1 Nf4 20. Nf1 Qb6 21. Ng3 Rac8
22. Bf1 Nfd3 23. e5 Rfd8 24. Bd2 Be8 25. Bxb4 Nxb4 26. Qe4 Qc5 27. d6 exd6 28.
e6 fxe6 29. Qxe6+ Bf7 30. Qg4 Nd5 31. Re6 h5 32. Qe4 Nf6 33. Qe1 c3 34. bxc3 b4
35. cxb4 axb4 36. Nd4 Re8 37. Rxe8+ Rxe8 38. Qd2 h4 39. Nge2 Ne4 40. Qd3 Nc3
41. Rd2 Nxe2+ 42. Nxe2 b3 43. Qb1 Rc8 44. Nf4 Qc1 45. Qd3 Bc4 46. Qxg6 Qxf1+
47. Kh2 Bf7 48. Qg5 Re8 49. Nd5 Qa1 50. Qxh4 Qe5+ 51. f4 Qe1 52. Qg5 Bxd5 53.
Qxd5+ Qe6 54. Qb5 b2 55. Rxb2 Bxb2 56. Qxb2 Rf8 57. Qb5 d5 58. Qb3 Qe4 59. Qg3+
Kf7 60. Qg4 Ke7 61. Qg5+ Rf6 62. g3 Qe2+ 63. Kg1 Qe3+ 64. Kg2 d4 65. Qc5+ Rd6
66. h4 Qe2+ 67. Kh3 d3 68. Qc7+ Rd7 69. Qc5+ Kd8 70. Qb6+ Ke8 71. Qg6+ Rf7 72.
Qg8+ Ke7 73. Qg5+ Kf8 74. Qh6+ Kg8 75. Qg5+ Rg7 76. Qd5+ Kh8 77. h5 Qg4+ 0-1

[Event "XXI Festival A"]
[Site "Porto San Giorgio ITA"]
[Date "2009.08.22"]
[Round "2"]
[White "Fedorchuk, Sergey A."]
[Black "Peredy, Ferenc"]
[Result "1-0"]
[WhiteElo "2655"]
[BlackElo "2277"]
[PlyCount "61"]
[EventDate "2009.08.21"]

1. e4 e6 2. d4 d5 3. Nd2 c5 4. Ngf3 cxd4 5. Nxd4 Nc6 6. Nxc6 bxc6 7. Bd3 Nf6 8.
O-O Be7 9. Re1 dxe4 10. Nxe4 Nxe4 11. Rxe4 Ba6 12. c4 Bf6 13. Qf3 O-O 14. Bf4
c5 15. Re2 Bb7 16. Bxh7+ Kxh7 17. Qxb7 Qd3 18. Rd2 Qxc4 19. g3 e5 20. Be3 e4
21. Rad1 Kg8 22. b3 Qb4 23. Qa6 Rfe8 24. Rd6 Be5 25. R6d5 Re6 26. Qe2 Rc8 27.
Rd7 a5 28. Qh5 g6 29. Rd8+ Re8 30. Rxc8 gxh5 31. Rxe8+ 1-0

[Event "XXI Festival A"]
[Site "Porto San Giorgio ITA"]
[Date "2009.08.22"]
[Round "2"]
[White "Fierro Baquero, Martha Lorena"]
[Black "Ruggeri, Pietro"]
[Result "0-1"]
[WhiteElo "2394"]
[BlackElo "2097"]
[PlyCount "168"]
[EventDate "2009.08.21"]

1. e4 c5 2. Nc3 Nc6 3. Bb5 Nd4 4. Bc4 e6 5. Nge2 Nf6 6. O-O b5 7. Nxb5 Nxb5 8.
Bxb5 Nxe4 9. d4 Bb7 10. Be3 Nd6 11. Ba4 Nc4 12. Qc1 Nb6 13. Bb5 c4 14. b3 Rc8
15. Rb1 cxb3 16. Rxb3 Bd5 17. Rc3 Bxa2 18. Rxc8 Qxc8 19. Qa1 Bc4 20. Bxc4 Qxc4
21. Qxa7 Nc8 22. Qb7 Bd6 23. Ng3 Qc7 24. Rb1 Bxg3 25. hxg3 Qxb7 26. Rxb7 Ke7
27. Bd2 Kd6 28. Bf4+ Ke7 29. Rb8 f6 30. c4 g5 31. Bc7 Re8 32. d5 exd5 33. cxd5
Kf7 34. g4 Ne7 35. Rb5 Rc8 36. d6 Ng6 37. g3 Ne5 38. Rb4 Ra8 39. Kg2 Ra2 40.
Re4 Rc2 41. Kf1 Rc4 42. Re1 Rxg4 43. Ra1 Rc4 44. Ra8 g4 45. Rh8 Kg7 46. Re8 h5
47. Re7+ Kg6 48. Ke2 Re4+ 49. Kd1 Rd4+ 50. Ke2 Kf5 51. Rh7 Ke4 52. Rxh5 Nf3 53.
Ba5 Rxd6 54. Rc5 Nd4+ 55. Ke1 Rd5 56. Rxd5 Kxd5 57. Bd8 f5 58. Kd2 Ke4 59. Bc7
d5 60. Bb6 Nf3+ 61. Ke2 d4 62. Ba7 Ne5 63. Bb6 Nc4 64. Ba7 d3+ 65. Kd1 Kf3 66.
Bc5 f4 67. gxf4 Kxf4 68. Ke1 Ke4 69. Kd1 Ne5 70. Ba7 Nf3 71. Bb6 Nd4 72. Ba7
Nb3 73. Bb6 Kd5 74. Ba7 Kc4 75. Bb8 Kc3 76. Be5+ Nd4 77. Bf6 Kc4 78. Bd8 Kd5
79. Bb6 Ke4 80. Ba7 Ne2 81. Kd2 Nf4 82. Bb6 Nh3 83. Ke1 Kf3 84. Kd2 Nxf2 0-1

[Event "XXI Festival A"]
[Site "Porto San Giorgio ITA"]
[Date "2009.08.22"]
[Round "2"]
[White "Izsak, Gyula"]
[Black "Capone, Vincenzo"]
[Result "1-0"]
[WhiteElo "2444"]
[BlackElo "2133"]
[PlyCount "59"]
[EventDate "2009.08.21"]

1. d4 Nf6 2. Nf3 e6 3. c4 b6 4. g3 Ba6 5. Qa4 c6 6. Bg2 b5 7. cxb5 cxb5 8. Qd1
d5 9. O-O Nbd7 10. Bf4 Be7 11. Nbd2 O-O 12. Nb3 Rc8 13. Ne5 Nxe5 14. dxe5 Nd7
15. e4 dxe4 16. Bxe4 b4 17. Re1 Nc5 18. Nxc5 Qxd1 19. Rexd1 Bxc5 20. Rac1 Bb6
21. Kg2 Bb5 22. Kf3 a5 23. Be3 Bxe3 24. Kxe3 h6 25. Bb7 Rb8 26. Rc7 a4 27. Rd4
b3 28. a3 Rfd8 29. Rxd8+ Rxd8 30. Rc8 1-0

[Event "XXI Festival A"]
[Site "Porto San Giorgio ITA"]
[Date "2009.08.22"]
[Round "2"]
[White "Jones, Gawain C.B."]
[Black "Altini, Daniele"]
[Result "1-0"]
[WhiteElo "2554"]
[BlackElo "2236"]
[PlyCount "66"]
[EventDate "2009.08.21"]

1. e4 d6 2. d4 Nf6 3. Nc3 g6 4. Bg5 Bg7 5. Qd2 h6 6. Bh4 g5 7. Bg3 Nh5 8. Nge2
Nc6 9. f3 Nxg3 10. hxg3 f5 11. d5 Ne5 12. Nd4 O-O 13. f4 gxf4 14. gxf4 Ng4 15.
Nxf5 Bxf5 16. exf5 Rxf5 17. Be2 h5 18. Bd3 Rf6 19. Rxh5 e5 20. fxe5 Nxe5 21.
O-O-O Nxd3+ 22. Qxd3 Rh6 23. Rxh6 Bxh6+ 24. Kb1 Qg5 25. Nb5 Qxg2 26. Nxc7 Rf8
27. Ne6 Rf3 28. Qc4 Bf8 29. a3 Rf7 30. Ka2 a6 31. Rd4 Bg7 32. Rg4 Qf3 33. Qc8+
Rf8 1-0

[Event "XXI Festival A"]
[Site "Porto San Giorgio ITA"]
[Date "2009.08.22"]
[Round "2"]
[White "Jovanic, Ognjen"]
[Black "Martorelli, Antonio"]
[Result "1-0"]
[WhiteElo "2541"]
[BlackElo "2225"]
[PlyCount "53"]
[EventDate "2009.08.21"]

1. d4 Nf6 2. c4 g6 3. Nc3 Bg7 4. Nf3 O-O 5. Bg5 c5 6. d5 e6 7. e3 exd5 8. cxd5
d6 9. Nd2 h6 10. Bh4 a6 11. a4 Nbd7 12. Be2 b6 13. O-O Rb8 14. Qc2 Qe7 15. Rae1
Ne5 16. h3 g5 17. Bg3 Bd7 18. Bxa6 Nh5 19. Bxe5 Bxe5 20. Nc4 Bxc3 21. bxc3 g4
22. hxg4 Bxg4 23. f3 Bd7 24. g4 Kh8 25. Qh2 Rg8 26. Qxh5 Bxg4 27. Qxh6# 1-0

[Event "XXI Festival A"]
[Site "Porto San Giorgio ITA"]
[Date "2009.08.22"]
[Round "2"]
[White "Kizov, Atanas"]
[Black "Giancotti, Eraldo"]
[Result "1/2-1/2"]
[WhiteElo "2397"]
[BlackElo "2100"]
[PlyCount "97"]
[EventDate "2009.08.21"]

1. d4 Nf6 2. c4 b6 3. Nc3 Bb7 4. Nf3 d5 5. a3 g6 6. e3 Bg7 7. cxd5 Nxd5 8. Qa4+
c6 9. Bd2 O-O 10. Rc1 Nxc3 11. Bxc3 Nd7 12. b4 e5 13. dxe5 Qe7 14. Be2 Rfc8 15.
O-O Nxe5 16. Bxe5 Bxe5 17. Nxe5 Qxe5 18. Bf3 a5 19. Qb3 axb4 20. axb4 Ba6 21.
Rfd1 Bb5 22. Rd7 Qf6 23. h3 Rd8 24. Qc3 Qxc3 25. Rxd8+ Rxd8 26. Rxc3 Ra8 27.
Kh2 Ra4 28. Rb3 Kf8 29. Rb2 Ke7 30. g4 Kd6 31. g5 Ra3 32. Kg3 Bc4 33. Be2 Bxe2
34. Rxe2 Kd5 35. Rd2+ Kc4 36. Rd7 Kxb4 37. Rxf7 c5 38. Rxh7 c4 39. Rc7 Ra5 40.
h4 c3 41. Rc6 b5 42. h5 gxh5 43. f4 Ra1 44. f5 Rg1+ 45. Kh4 Rh1+ 46. Kg3 Rg1+
47. Kh4 Rh1+ 48. Kg3 Rg1+ 49. Kh4 1/2-1/2

[Event "XXI Festival A"]
[Site "Porto San Giorgio ITA"]
[Date "2009.08.22"]
[Round "2"]
[White "Lalic, Bogdan"]
[Black "Lantini, Marco"]
[Result "1-0"]
[WhiteElo "2517"]
[BlackElo "2194"]
[PlyCount "41"]
[EventDate "2009.08.21"]

1. d4 Nf6 2. c4 e6 3. Nf3 b6 4. Nc3 Bb7 5. Bg5 Bb4 6. Nd2 h6 7. Bh4 Bxc3 8.
bxc3 d6 9. f3 Nbd7 10. e4 Nf8 11. c5 Ng6 12. Bxf6 gxf6 13. cxd6 Qxd6 14. Qa4+
Kf8 15. Ba6 Bxa6 16. Qxa6 c5 17. Nb3 cxd4 18. cxd4 Qb4+ 19. Kf2 b5 20. Qa5 Nf4
21. Qxb4+ 1-0

[Event "XXI Festival A"]
[Site "Porto San Giorgio ITA"]
[Date "2009.08.22"]
[Round "2"]
[White "Liguori, Renato"]
[Black "Borgo, Giulio"]
[Result "0-1"]
[WhiteElo "2107"]
[BlackElo "2433"]
[PlyCount "46"]
[EventDate "2009.08.21"]

1. d4 d5 2. c4 e6 3. Nc3 c6 4. Nf3 Nf6 5. Bg5 Nbd7 6. e3 Qa5 7. Bxf6 Nxf6 8.
Qc2 Bb4 9. Nd2 O-O 10. Bd3 c5 11. Nb3 Qc7 12. dxc5 dxc4 13. Bxc4 Bxc5 14. Nxc5
Qxc5 15. Bd3 Bd7 16. Ne4 Nxe4 17. Bxe4 Qb4+ 18. Kf1 Rac8 19. Bxh7+ Kh8 20. Qe4
Bb5+ 21. Kg1 Qxb2 22. Rf1 Rc1 23. h3 Rxf1+ 0-1

[Event "XXI Festival A"]
[Site "Porto San Giorgio ITA"]
[Date "2009.08.22"]
[Round "2"]
[White "Naumkin, Igor"]
[Black "Di Donatantonio, Franco"]
[Result "1-0"]
[WhiteElo "2481"]
[BlackElo "2143"]
[PlyCount "75"]
[EventDate "2009.08.21"]

1. d4 d6 2. Nf3 Nd7 3. c4 e5 4. Nc3 Ngf6 5. e4 Be7 6. Be2 c6 7. O-O O-O 8. d5
Qc7 9. Be3 Re8 10. Nd2 Nf8 11. Kh1 Ng6 12. g3 h6 13. f4 exf4 14. gxf4 Nh7 15.
Rg1 Kh8 16. Bh5 Nhf8 17. Bd4 c5 18. Be3 Bf6 19. f5 Ne5 20. Qe2 Qe7 21. Qg2 Nh7
22. Be2 Bd7 23. Raf1 Rg8 24. Qh3 a6 25. Rg3 Bg5 26. Bxg5 Nxg5 27. Qg2 Qf6 28.
Bd1 b5 29. Ne2 bxc4 30. Nf4 Nd3 31. Nh5 Qxb2 32. Rxg5 Bb5 33. f6 g6 34. Nf4 c3
35. Qh3 Kh7 36. Rg2 Nxf4 37. Rxf4 Qc1 38. Qxh6+ 1-0

[Event "XXI Festival A"]
[Site "Porto San Giorgio ITA"]
[Date "2009.08.22"]
[Round "2"]
[White "Nicolo', Filippo"]
[Black "Estremera Panos, Sergio"]
[Result "0-1"]
[WhiteElo "2081"]
[BlackElo "2394"]
[PlyCount "106"]
[EventDate "2009.08.21"]

1. e4 c5 2. Nc3 d6 3. Nf3 Nc6 4. d4 cxd4 5. Nxd4 Nf6 6. Bc4 e5 7. Nf5 Bxf5 8.
exf5 Be7 9. Be3 Rc8 10. Bb3 a6 11. g4 h6 12. Qf3 Nd4 13. Bxd4 exd4 14. Ne2 Qa5+
15. Kf1 d5 16. Nxd4 O-O 17. h4 Ne4 18. Kg2 Bf6 19. Rad1 Nd2 20. Qf4 Nxb3 21.
axb3 Rfe8 22. c3 Re4 23. Qf3 Bxd4 24. Rxd4 Rxd4 25. cxd4 Rc2 26. g5 hxg5 27.
hxg5 Qd2 28. Rh5 Qxd4 29. g6 Qe4 30. Qxe4 dxe4 31. Rh4 e3 32. Re4 Rxf2+ 33. Kg3
Kf8 34. Rxe3 Rxf5 35. gxf7 Kxf7 36. Rc3 Kf6 37. Kg4 Rb5 38. Re3 Rb4+ 39. Kg3 g5
40. Kf3 Kf5 41. Rc3 Kg6 42. Kg3 Kh5 43. Rd3 Rb5 44. Re3 a5 45. Rd3 Rb4 46. Rc3
Rd4 47. Re3 Rd2 48. b4 a4 49. Re7 Rd3+ 50. Kg2 Rb3 51. Rxb7 Kg4 52. b5 Rxb2+
53. Kf1 a3 0-1

[Event "XXI Festival A"]
[Site "Porto San Giorgio ITA"]
[Date "2009.08.22"]
[Round "2"]
[White "Ortega, Lexy"]
[Black "Calella, Sergio"]
[Result "1-0"]
[WhiteElo "2437"]
[BlackElo "2120"]
[PlyCount "89"]
[EventDate "2009.08.21"]

1. d4 Nf6 2. Nf3 c5 3. d5 d6 4. Nc3 Na6 5. e4 Nc7 6. a4 g6 7. h3 Bg7 8. Bc4 e6
9. Bg5 exd5 10. Nxd5 Ncxd5 11. Bxd5 Qa5+ 12. c3 Nxd5 13. Qxd5 O-O 14. O-O Qb6
15. Be7 Re8 16. Qxd6 Qxb2 17. Bf6 Qb6 18. Qxb6 axb6 19. Bxg7 Kxg7 20. Nd2 Bd7
21. Nc4 Rxa4 22. Nxb6 Rxa1 23. Rxa1 Bb5 24. Ra5 Ba6 25. f3 Re6 26. Nd7 c4 27.
Kf2 Rd6 28. Rd5 Rxd5 29. exd5 Bb5 30. Nb6 Kf6 31. Ke3 Ke5 32. f4+ Kd6 33. Kd4
f6 34. h4 h6 35. Nxc4+ Kc7 36. Kc5 Ba4 37. Nb6 Bc2 38. d6+ Kd8 39. Nd5 g5 40.
g3 gxh4 41. gxh4 f5 42. Nb6 Be4 43. Kd4 Ke8 44. Ke5 Kf7 45. Nd5 1-0

[Event "XXI Festival A"]
[Site "Porto San Giorgio ITA"]
[Date "2009.08.22"]
[Round "2"]
[White "Rago, Riccardo"]
[Black "Castaldo, Folco"]
[Result "1/2-1/2"]
[WhiteElo "2088"]
[BlackElo "2401"]
[PlyCount "81"]
[EventDate "2009.08.21"]

1. e4 c5 2. Nf3 g6 3. d4 cxd4 4. Nxd4 Nc6 5. Nc3 Bg7 6. Be3 Nf6 7. Qd2 O-O 8.
f3 d5 9. O-O-O dxe4 10. Nxc6 Qxd2+ 11. Rxd2 bxc6 12. fxe4 Be6 13. h3 Nd7 14.
Na4 Rab8 15. b3 Rb4 16. Bd3 Be5 17. Rf1 Rb7 18. Ba6 Rc7 19. Nc5 Nxc5 20. Bxc5
g5 21. Kb1 Kg7 22. Rfd1 h5 23. Rd8 Rxd8 24. Rxd8 Bd6 25. Bxd6 exd6 26. Rxd6 Kf6
27. Rd2 Ke5 28. Bd3 Rc8 29. Rf2 g4 30. hxg4 hxg4 31. Kc1 Rh8 32. Kd2 Rh1 33.
Ke3 Ra1 34. a4 c5 35. Rf1 Ra2 36. Rf2 c4 37. Bxc4 Bxc4 38. Rf5+ Ke6 39. bxc4
Rxc2 40. g3 Rxc4 41. Ra5 1/2-1/2

[Event "XXI Festival A"]
[Site "Porto San Giorgio ITA"]
[Date "2009.08.22"]
[Round "2"]
[White "Ranieri, Fabrizio"]
[Black "Hera, Imre jr"]
[Result "1/2-1/2"]
[WhiteElo "2264"]
[BlackElo "2557"]
[PlyCount "43"]
[EventDate "2009.08.21"]

1. e4 c5 2. Nf3 Nc6 3. d4 cxd4 4. Nxd4 Nf6 5. Nc3 Qb6 6. Nb3 e6 7. Be2 Bb4 8.
O-O Bxc3 9. bxc3 Nxe4 10. Bd3 Nf6 11. Ba3 Qc7 12. Qf3 d5 13. Rfe1 Bd7 14. Rab1
O-O-O 15. Nc5 Qa5 16. Nxb7 Qxa3 17. Nd6+ Qxd6 18. Ba6+ Kc7 19. Rb7+ Kc8 20.
Rb2+ Kc7 21. Rb7+ Kc8 22. Rb2+ 1/2-1/2